Changing concepts of rights and justice in South Asia / (Record no. 65619)

MARC details
000 -LEADER
fixed length control field 00569nam a22001457a 4500
005 - DATE AND TIME OF LATEST TRANSACTION
control field 20120425132649.0
020 ## - INTERNATIONAL STANDARD BOOK NUMBER
International Standard Book Number 0195653122
Terms of availability 245.00
035 ## - SYSTEM CONTROL NUMBER
System control number B-28134
037 ## - SOURCE OF ACQUISITION
Stock number DPL
Source of stock number/acquisition ENG
245 ## - TITLE STATEMENT
Title Changing concepts of rights and justice in South Asia /
Statement of responsibility, etc edited by Michael R. Anderson and Sumit Guha
260 ## - PUBLICATION, DISTRIBUTION, ETC. (IMPRINT)
Place of publication, distribution, etc New Delhi
Name of publisher, distributor, etc Oxford University Press
Date of publication, distribution, etc 2000
300 ## - PHYSICAL DESCRIPTION
Extent xi, 287p.
Dimensions 20 cms.
942 ## - ADDED ENTRY ELEMENTS (KOHA)
Source of classification or shelving scheme Dewey Decimal Classification
Item type English Books
Classification part 323.0964
Call number suffix CHA
Holdings
Withdrawn status Lost status Not for loan Collection code Home library Current library Date acquired Cost, normal purchase price Full call number Barcode Cost, replacement price Koha item type
      Non-fiction Sarojini Nagar Sarojini Nagar 25/04/2012 245.00 323.0964 CHA B-28134 245.00 English Books

© Delhi Public Library
Hit Counter
free hit counter